00343nam a2200133Ia 4500008004100000041000800041082001500049100002800064245004200092250000600134260004200140300001400182365001300196210423s2008 xx 000 0 und d aeng a659.1 WELW aWELLS (William);others. aAdvertising: principles and practice. a7 aNew DelhibPHI Learning Pvt Ltdc2008 axxix,592. b425cINR